| 000 | 01364nam0a2200325 4500 | ||
|---|---|---|---|
| 001 | RU\NLR\BIBL_A\022530873 | ||
| 005 | 20260420043716.0 | ||
| 010 |
_a978-5-89777-283-4 _9300 |
||
| 021 |
_aRU _bКН-П-25-012928 _9КН-П-25-1300 |
||
| 035 | _a(NLR Aleph) 022530873 | ||
| 090 |
_a13671986 _c13671986 |
||
| 100 | _a20250425d2025 u y0rusy50 ca | ||
| 101 | 1 |
_arus _ceng |
|
| 102 | _aRU | ||
| 105 | _ay z 000yy | ||
| 181 | 0 |
_ai4 _baxxe |
|
| 182 | 0 | _an | |
| 200 | 1 |
_aГомеопатическое лечение пневмоний _fДуглас М. Боланд _gперевод с английского О. Г. Мартыненко |
|
| 203 |
_aТекст _bвизуальный _cнепосредственный |
||
| 210 |
_aМосква _cГомеопатическая Медицина _d2025 |
||
| 215 |
_a92 с. _d21 |
||
| 300 | _aЗагл. и авт. ориг.: Pneumonias / by Douglas M. Borland | ||
| 454 | 0 |
_12001#$aPneumonias$fby Douglas M. Borland _1700#1$aBorland$bD. M.$gDouglas M. _tPneumonias _aBorland, Douglas M. |
|
| 606 | 1 |
_aПневмонии _xГомеопатическое лечение _92188761 _3RU\NLR\AUTH\661315843 |
|
| 686 | 1 | _aР359.183.41 | |
| 700 | 1 |
_aБоланд _bД. М. _gДуглас М. |
|
| 942 | _cBOOK | ||
| 980 | _aNB | ||